000 00347nam a2200109Ia 4500
008 160609s9999 xx 000 0 und d
245 _aAutism Spectrum Disorder - Recent Advances
245 _cEdited by Michael Fitzgerald
260 _c2015
650 _xAUTISM
856 _uhttp://www.intechopen.com/books/autism-spectrum-disorder-recent-advances
999 _c295835
_d295835